000 02199nam a22002537a 4500
003 OSt
005 20260128162220.0
008 260115b xxu||||| |||| 00| 0 spa d
020 _a9586650081
040 _aUnicoc
_bspa
_c00001
_d00001
082 _a321.8
100 _912387
_aHart Ely, John
245 _aDemocracia y desconfianza
_bUna teoría del control constitucional
250 _a1 Ed
260 _aBogotá (Colombia)
_bSiglo del hombre editores
_c1997
300 _a291
505 _tParte 1. La seducción del textualismo.//
_tParte 2. La imposibilidad de un textualismo limitado por cláusulas.//
_tCapítulo 1. El debido proceso.--
_tCapítulo 2. Privilegios o inmunidades.--
_tCapítulo 3. Igualdad de protección.--
_tCapítulo 4. Igualdad de protección y el gobierno federal.--
_tCapítulo 5. La enmienda novena.--
_tParte 3. El descubrimiento de los valores fundamentales.//
_tCapítulo 6. Los valores del juez.--
_tCapítulo 7. El derecho natural.--
_tCapítulo 8. Principios neutrales.--
_tCapítulo 9. La razón.--
_tCapítulo 10. La tradición.--
_tCapítulo 11. Consenso.--
_tCapítulo 12. Predecir el progreso.--
_tCapítulo 13. La odisea de Alexander Bickel.--
_tParte 4. La vigilancia del proceso de representación: La corte como árbitro.//
_tCapítulo 14. La nota al pie de pagina de Carolene Products.--
_tCapítulo 15. El gobierno representativo.--
_tCapítulo 16. La naturaleza de la constitución de los estados unidos.--
_tCapítulo 17. Democracia y desconfianza.--
_tParte 5. El despeje de los canales del cambio político.//
_tCapítulo 18. El derecho al sufragio.--
_tCapítulo 19. Hacia un proceso legislativo visible.--
_tCapítulo 20. Hacia un proceso legislativo de legislación.--
_tParte 6. Cómo facilitar la representación de las minorías.//
_tCapítulo 21. Motivación legislativa (y administrativa).--
_tCapítulo 22. Clasificación sospechosa.--
_tCapítulo 23. Un aparte sobre la acción afirmativa.--
_tCapítulo 24. "Derechos procesales" al estilo de las minorías.--
526 _5Unicoc
546 _aEspañol
650 0 _94928
_aDemocracia
650 0 _95633
_aControl de constitucionalidad
650 0 _911798
_aDogmática Constitucional
942 _2ddc
_cLIBROS
999 _c10615
_d10615